| 000 | 00655nam a2200205Ia 4500 | ||
|---|---|---|---|
| 005 | 20250701164520.0 | ||
| 008 | 008 250505s9999 xx 000 0 eng d | ||
| 037 | _aTextual | ||
| 040 |
_aEASL _beng _cEASL |
||
| 041 |
_aeng _2eng |
||
| 084 |
_aV495:19(zB).5.N1, H5 _qEASL |
||
| 100 |
_aNelson M Frederick _9647120 |
||
| 245 | 0 | _aKorea and the old orders in Eastern Asia | |
| 260 |
_aUSA _bNew York Russell & Russell _c1945 |
||
| 300 | _a325p. | ||
| 365 | _b9.5 | ||
| 650 |
_aEarliest Sino- Korean Realtions; Conflicting societies of Nations; KEL _9815107 |
||
| 942 |
_cTEXL _hV495:19(zB).5.N1, H5 |
||
| 999 |
_c1433334 _d1433334 |
||